<?xml version="1.0" encoding="UTF-8"?>
<record
    xmlns:xsi="http://www.w3.org/2001/XMLSchema-instance"
    xsi:schemaLocation="http://www.loc.gov/MARC21/slim http://www.loc.gov/standards/marcxml/schema/MARC21slim.xsd"
    xmlns="http://www.loc.gov/MARC21/slim">

  <leader>00625nam a2200145Ia 4500</leader>
  <controlfield tag="008">120622s9999    xx            000 0 und d</controlfield>
  <datafield tag="020" ind1=" " ind2=" ">
    <subfield code="a">968-7798-12-2</subfield>
  </datafield>
  <datafield tag="082" ind1=" " ind2=" ">
    <subfield code="a">378.0972 A571 v.20</subfield>
  </datafield>
  <datafield tag="100" ind1=" " ind2=" ">
    <subfield code="a">Ocegueda Hern&#xE1;ndez, Juan Manuel</subfield>
  </datafield>
  <datafield tag="245" ind1=" " ind2=" ">
    <subfield code="a">Integraci&#xF3;n econ&#xF3;mica regional y educaci&#xF3;n superior en M&#xE9;xico / Juan Manuel Ocegueda Hern&#xE1;ndez</subfield>
  </datafield>
  <datafield tag="260" ind1=" " ind2=" ">
    <subfield code="a">M&#xE9;xico : ANUIES</subfield>
  </datafield>
  <datafield tag="300" ind1=" " ind2=" ">
    <subfield code="a">143 p</subfield>
  </datafield>
  <datafield tag="440" ind1=" " ind2=" ">
    <subfield code="a">Temas de hoy en la educaci&#xF3;n superior; 20</subfield>
  </datafield>
  <datafield tag="650" ind1=" " ind2=" ">
    <subfield code="a">1. TRATADO DE LIBRE COMERCIO DE AMERICA DEL NORTE (TLCAN) \  2. AMERICA DEL NORTE - INTEGRACI&#xD3;N ECON&#xD3;MICA  \ 3. EDUCACI&#xD3;N SUPERIOR - AM&#xC9;RICA DEL NORTE&#xCC;</subfield>
  </datafield>
  <datafield tag="952" ind1=" " ind2=" ">
    <subfield code="0">0</subfield>
    <subfield code="1">0</subfield>
    <subfield code="4">0</subfield>
    <subfield code="7">0</subfield>
    <subfield code="a">22</subfield>
    <subfield code="b">22</subfield>
    <subfield code="d">2009-01-21</subfield>
    <subfield code="l">1</subfield>
    <subfield code="o">378.0972 A571 V.20</subfield>
    <subfield code="p">01 011309</subfield>
    <subfield code="r">2016-10-24</subfield>
    <subfield code="s">2016-10-24</subfield>
    <subfield code="t">1</subfield>
    <subfield code="w">2012-06-24</subfield>
    <subfield code="y">LB</subfield>
  </datafield>
  <datafield tag="999" ind1=" " ind2=" ">
    <subfield code="c">60680</subfield>
    <subfield code="d">60680</subfield>
  </datafield>
</record>
